000 00578nam a2200181Ia 4500
003 IN-BaIIA
008 211028s9999 xx 000 0 eng d
040 _cIIA Library
080 _a910.4
_bTHO
100 _aThomson, Wyville C.
_99
245 0 _aReport on the scientific results of the voyage of H M S Challenger the year 1873 - 76
_bvol.1, physics and chemistry
_cWyville C. Thomson and John Murray
260 _aLondon
_bH.M. Stationery Office
_c1884
300 _aviii, 250p.
650 _aExpeditions
_910
650 _aVoyages
_911
700 _aMurray, John
_912
942 _cBK
999 _c51
_d51